000 00616nam a22002057a 4500
999 _c3963
_d3963
003 AR-CdUCM
008 190307b ||||| |||| 00| 0 spa d
040 _aMUNICIPALIDAD PROVINCIAL DEL CUSCO
_cBIBLIOTECA MUNICIPAL DEL CUSCO
082 _a869.56 /
_bP13
100 _aPacheco Medrano, Karina
_91044
245 _aEl Sendero de Los Rayos /
260 _aCusco :
_bCeques Editores ;
_c2013.
300 _a161 páginas
_c20cm
505 _aContenido: Cuentos
650 _aCuentos peruanos
_911293
650 _aLiteratura cusqueña
_910596
650 _aSiglo XXI
_92856
942 _2ddc
_cLIBROS
945 _anom